000 00757nam a2200289Ia 4500
005 20260324133536.0
008 008 260324s9999 xx 000 0 eng d
020 _a9781315539393
037 _aEBOOK
040 _aCRL
040 _beng
040 _cCRL
041 _2eng
041 _aeng
084 _qCRL
100 _aCNA Corporation; Michael A. McDevitt; David M. Finkelstein; Mark A. Ryan
_91193488
245 0 _aChinese Warfighting: The PLA Experience since 1949
245 4 _bThe PLA Experience since 1949
260 _bTaylor and Francis
260 _c2003
365 _a
365 _b255
856 _uhttp://www.taylorfrancis.com/books/9781315539393
942 _cEBOOK
999 _c1792619
_d1792619